Petit Bac- Ville de france - Statistiques

Statistiques générales
  • Ce quiz a été pris 988 fois
  • Le résultat moyen est 10 sur 19
Statistiques - réponses
Lettres Villes % Correct
P Paris
92%
M Marseille
88%
L Lyon
82%
B Bordeaux
79%
T Toulouse
76%
S Strasbourg
70%
N Nice
68%
R Rennes
68%
A Angers
60%
O Orleans
48%
Q Quimper
48%
G Grenoble
47%
D Dijon
46%
C Clermont-Ferrand
34%
V Villeurbanne
18%
E Evry
14%
H Hyères
12%
F Fort-de-France
10%
I Issy
10%
Aucun quiz correspondant
Distribution des résultats
% des personnes avec chaque résultat
Percentile par nombre de réponses
Votre historique - résultats
Vous n’avez pas pris ce quiz